000 00610nam a22002171 4500
001 1696659
005 20180131035824.0
008 711108s1965 nju b 000 0 eng
010 _a 65026859
040 _aDLC
_cDLC
_dDLC
041 _aeng
043 _an-us---
080 _a362.508 WEI
082 0 0 _a362.508 WEI
100 1 _a52
101 _aEKO
245 1 4 _aThe economics of poverty;
_cEdited by Burton A. Weisbrod.
504 _aBibliography: p. 179-180. Includes bibliographical references.
906 _a7
_bcbc
_corignew
_du
_eocip
_f19
_gy-gencatlg
942 _2ddc
_cBK
999 _c41336
_d41336